000 00504nam a22001577a 4500
003 OSt
005 20151206144537.0
008 151206b xxu||||| |||| 00| 0 eng d
040 _cRUA
082 _aATM ណោម 1994 B190 Or.1
100 _94409
_aណោម សោភ័ណ
245 _aគំរោងសិក្សាឧបករណ៍ចិញ្ច្រាំនិងស្មៅក្នុងស្រែ
260 _aPhnom Penh
_bRUA
_c1994
300 _a78p.
_bill.
_c29cm.
942 _2ddc
_cATM
999 _c4110
_d4110